000 01388nam a2200361 i 4500
001 000005832
003 DO-SdBNP
005 20260217094612.0
007 ta
008 090824s1998 dr 000 0 spa d
040 _aDO-SdBNP
_bspa
_cBNPHU
_erda
041 _aspa
082 4 _a344.01
_bP963p
_222
245 0 0 _aProcedimiento penal laboral /
_cRafael Alburquerque...[et.al.]. ; ilustración Elías Roedán.
264 1 _aSanto Domingo :
_bFINJUS,
_c1998.
300 _a124 páginas ;
_c23 cm.
336 _atexto
_btxt
_2rdacontent
337 _asin mediación
_bn
_2rdamedia
338 _avolumen
_bnc
_2rdacarrier
490 1 _aSeminarios
500 _aIncluye referencias bibliográficas y notas al pie de las páginas
650 4 _aDerecho laboral-república dominicana derecho penal-república dominicana
_916469
650 4 _aDerecho penal
_zRepública Dominicana
_917405
700 1 _aDisla, Luis,
_eautor
_4aut.
_916471
700 1 _aEspino, Whashington,
_eautor
_4aut.
_916472
700 1 _aGil, Domingo A.,
_q(Domingo Antonio),
_d1953-
_eautor
_4aut.
_916473
700 _aHernández, Carlos,
_d1957-
_eautor
_4aut.
_933511
700 1 _aHernández Quezada, Porfirio
_eautor
_4aut.
_97805
700 1 _aSalcedo, Carlos,
_eautor
_4aut.
_916474
700 1 _aRoedán, Elías,
_eilustrador
_4il.
_916475
710 1 _aFundación Institucionalidad y Justicia
_914451
942 _2ddc
_cLBS1
999 _c5628
_d5628